| 000 | 02255nam0a2200385 i 4500 | ||
|---|---|---|---|
| 001 | RU\NLR\bibl\2020160 | ||
| 005 | 20260408064426.0 | ||
| 010 |
_a9785701107654 _9500 |
||
| 021 |
_aRU _b2013-21134 _91492 |
||
| 035 | _a(nilc)RuMoRGB-006552248 | ||
| 035 | _a(NLR Aleph) 002008437 | ||
| 090 |
_a4442337 _c4442337 |
||
| 100 | _a20130325d2012 k y0rusy50 ca | ||
| 101 | 0 | _arus | |
| 102 | _aRU | ||
| 105 | _ay ||||||||| | ||
| 200 | 1 |
_aЭффективность государственной поддержки и регулирования инвестиционных процессов в сельском хозяйстве _f[Бутырин В. В., Милованов А.Н., Бутырина Ю.А., Съемщикова Е.В.] _gМ-во сельского хоз-ва Российской Федерации, Федеральное гос. бюджетное образовательное учреждение высш. проф. образования "Саратовский гос. аграрный ун-т им. Н. И. Вавилова" |
|
| 210 |
_aСаратов _cФГБОУ ВПО "Саратовский ГАУ" _d2012 |
||
| 215 |
_a207 с. _cил.. табл. _d21 |
||
| 300 | _aАвт. указаны на обороте тит. л. | ||
| 320 | _aБиблиогр.: с. 175-184 | ||
| 606 | 1 |
_aСельское хозяйство _xИнвестиции капитала _yПриволжский федеральный округ _92152912 _3RU\NLR\auth\661601096 |
|
| 686 | _aУ32(2)-56(2Р354) | ||
| 701 | 1 |
_aБутырин _bВ. В. _gВасилий Владимирович _4070 |
|
| 701 | 1 |
_aМилованов _bА. Н. _gАлександр Николаевич _4070 |
|
| 701 | 1 |
_aБутырина _bЮ. А. _gЮлия Александровна _4070 |
|
| 701 | 1 |
_aСъемщикова _bЕ. В. _gЕлена Викторовна _4070 |
|
| 712 | 0 | 2 |
_4570 _aСаратовский государственный аграрный университет им. Н. И. Вавилова _3RU\NLR\AUTH\8810041908 _9583167 |
| 801 | 0 |
_aRU _bRuMoRKP _c20130325 _gRCR |
|
| 801 | 2 |
_aRU _bРГБ _c20130410 _grcr |
|
| 801 | 1 |
_aRU _bRuMoRKP _c20130325 _2rusmarc |
|
| 801 | 2 |
_aRU _bNLR _c20130405 _grcr |
|
| 942 | _cBOOK | ||
| 980 | _aNBR | ||